Préfectures Japonaises (version surlignée) - Statistiques

Statistiques générales
  • Ce quiz a été pris 702 fois
  • Le résultat moyen est 22 sur 47
Réponses sur la Carte
Les réponses sont colorées sur une échelle allant du rouge au vert en fonction du pourcentage des utilisateurs qui les ont devinées à leur premier essai. Vous pouvez retrouver ces pourcentages ci-dessous.
 
Statistiques - réponses
Réponse % Correct
Hokkaido
83%
Okinawa
69%
Aomori
66%
Chiba
66%
Hiroshima
63%
Tokyo
62%
Fukushima
61%
Akita
60%
Fukuoka
58%
Ehime
54%
Iwate
54%
Saitama
54%
Nagasaki
53%
Nagano
52%
Osaka
52%
Kagoshima
50%
Kyoto
50%
Niigata
49%
Gifu
47%
Hyogo
47%
Kochi
47%
Kumamoto
47%
Miyazaki
47%
Saga
47%
Nara
46%
Aichi
45%
Fukui
45%
Gunma
45%
Ibaraki
45%
Ishikawa
45%
Oita
45%
Kanagawa
44%
Mie
44%
Miyagi
44%
Tottori
41%
Kagawa
40%
Shizuoka
40%
Shimane
38%
Okayama
37%
Yamagata
37%
Tokushima
36%
Wakayama
36%
Yamaguchi
33%
Shiga
32%
Tochigi
32%
Yamanashi
32%
Toyama
31%
Aucun quiz correspondant
Distribution des résultats
% des personnes avec chaque résultat
Percentile par nombre de réponses
Votre historique - résultats
Vous n’avez pas pris ce quiz